Dopasuj pociąg do jego kategorii - Statystyki

Ogólne statystyki
  • Ten quiz został rozwiązany 18 razy
  • Średni wynik to 12 z 36
Statystyki odpowiedzi
Hint Odpowiedź % Poprawnych
Artus IC
71%
Sienkiewicz IC
65%
Pobrzeże IC
65%
Warta IC
59%
Mieszko IC
59%
Pirat TLK
59%
Słoneczny OsP
47%
Karpaty TLK
47%
Lech EIC
41%
Jantar EIC
41%
Chrobry EIC
41%
Łempicka IC
41%
Kasztelan IC
41%
Rozewie IC
41%
Gibki Cug OsP
41%
Żeglarz TLK
41%
Hańcza IC
35%
Halny IC
35%
Drawa R
35%
Ondraszek EIC
29%
Mały Powstaniec IR
29%
Rzepicha Os
29%
Beliansky Express OsP
29%
Kłodawka R
29%
Bolimek OsP
24%
Rysy R
24%
Gęśnik R
24%
Osterwa TLK
24%
Ornak OsP
18%
Barnim R
18%
Karolinka R
18%
Pięć Stawów R
18%
Harpun PR
12%
Riwiera PR
12%
Niedźwiadek PR
6%
Włóczykij OsP
0%
Nie znaleziono quizów pasujących do podanych kryteriów
Rozkład punktacji
Procent ludzi z każdym wynikiem
Percentyl według liczby udzielonych odpowiedzi
Twoja historia wyników
Nie rozwiązałeś tego quizu